000 00752cab a2200229 4500
001 WB3507-31
008 090401t1999 xxu||||| |||| 00| 0 eng d
035 _a(Sirsi) u91371
041 _aeng
245 _aEnd to numbers game
260 _c1999
350 _a0
490 _aHousing Today
_v(120) 11 February 1999, 1(1)
520 _aGovernment has withdrawn from the `numbers game` on affordable housing targets following the announcement by a housing association that it is to demolish a new housing estate due to lack of demand.
650 _aAffordable housing
_96215
650 _aHOUSING ASSOCIATIONS
650 _aHOUSING TARGETS
650 _aSOCIAL HOUSING
690 _aHOUSING-DEVELOPMENT
942 _n0
948 _c17/02/1999
999 _c57994
_d57994